| 000 | 00764nam a2200229Ia 4500 | ||
|---|---|---|---|
| 003 | GCL | ||
| 008 | 140319s9999 xx 000 0 ara d | ||
| 040 |
_aGCL / _cGCL |
||
| 082 | 0 | 4 |
_a301.24 _bم ت |
| 100 | 1 |
_aعلياء على شكرى _vContributor _@ _٠شار٠|
|
| 245 | 1 | 0 |
_aالتغير الاجتماعى / _cعلياء على شكرى |
| 700 | 1 | _aمحمد الجوهرى | |
| 700 | 1 | _aعلى ليلة | |
| 260 |
_a[S.N] : _bدار المعرفة الجامعية ، _c1986 |
||
| 300 | _a479 ص | ||
| 490 |
_aعلم الاجتماع المعاصر _v0 |
||
| 650 | 0 | 4 | _aالاجتماع |
| 650 | 0 | 4 | _aالانثربولوجيا |
| 650 | 0 | 4 | _aالتغير الاجتماعى |
| 650 | 0 | 4 | _aالتطور الاجتماعى |
| 942 |
_2ddc _cBK |
||
| 999 |
_c55808 _d55808 |
||